00487nam a22001337a 4500003000500000038001800005082000800023100002300031245012700054264004000181650003200221700004200253856005800295NUST aNusrat Nadeem a200 aManzoor, Ms. Sadia aCHARACTERIZATION OF ANTIBIOTIC-RESISTANT NOVEL BACTERIAL STRAINS AND THEIR ENVIRONMENTAL APPLICATIONS/cMs. Sadia Manzoor, aIslamabad:bIESE(SCEE) NUST.c2025. aPhD-Environmental Sciences  aSupervisor: Prof. Dr. Muhammad Arshad u http://10.250.8.41:8080/xmlui/handle/123456789/55316